Rozbor zisku a.s. Duslo Šaľa : Diplomová práca

Gespeichert in:
Bibliographische Detailangaben
1. Verfasser: Kubolková, Adriana (Verfasst von)
Weitere Verfasser: Skubáková, Katarína (xxx)
Format: Manuskript Buch
Sprache:Slowakisch
Veröffentlicht: Trnava : STU v Bratislave MtF KMK, 1997
Schlagworte:
Tags: Tag hinzufügen
Keine Tags, Fügen Sie das erste Tag hinzu!

MARC

LEADER 00000ntm a22000003a 4500
001 stu56239
005 20160719155156.9
008 010129s1997----xo------------------slo-d
040 |a STU  |b slo 
041 0 |a slo 
044 |a xo 
100 1 |a Kubolková, Adriana  |4 aut 
245 1 |a Rozbor zisku a.s. Duslo Šaľa :  |b Diplomová práca 
260 |a Trnava :  |b STU v Bratislave MtF KMK,  |c 1997 
300 |a 67 s  |c výťah 
650 7 |a Zisky podnikové  |2 stusub 
650 7 |a manažment priemyselných podnikov  |2 stusub 
700 1 |a Skubáková, Katarína  |4 xxx  |u M190  |U MTF Materiálovotechnologická fakulta  |T MTF Katedra priemyselného inžinierstva a manažmentu  |U M190  |Y 167 
996 |b 284M023648  |c M*DP-802  |l MMSKP  |s P  |a 0  |w stu56239_0001